00483nam a2200193Ia 4500008004100000020001800041050001400059100001800073245002500091245004600116260001500162260001600177260000900193300001500202300002700217300001000244440002700254500000800281170918s9999 xx 000 0 und d a9780746057803 bB613 2007 aBingham, Jane 4aThe story of ships / cJane Bingham ; illustrated by Colin King. aNew York : bScholastic, c2007 a62 pages : bcolored illustration ; c20cm. aUsborne young reading. a700